Introduction to mechanics and symmetry : a basic exposition of classical mechanical systems /
Guardado en:
| Autor Principal: | |
|---|---|
| Otros Autores: | |
| Formato: | Libro |
| Idioma: | English |
| Publicado: |
New York :
Springer-Verlag,
c1994.
|
| Series: | Texts in applied mathematics ;
17 |
| Materias: | |
| Etiquetas: |
Agregar Etiqueta
Sin Etiquetas, Sea el primero en etiquetar este registro!
|
| LEADER | 01103cam a2200289 a 4500 | ||
|---|---|---|---|
| 001 | MAT.inmabb006271 | ||
| 008 | 940315s1994####nyua#####b####001#0#eng## | ||
| 005 | 20160218175139.0 | ||
| 245 | 1 | 0 | |a Introduction to mechanics and symmetry : |b a basic exposition of classical mechanical systems / |c Jerrold E. Marsden, Tudor S. Ratiu. |
| 260 | |a New York : |b Springer-Verlag, |c c1994. | ||
| 300 | |a xiv, 500 p. : |b il. ; |c 25 cm. | ||
| 440 | 0 | |a Texts in applied mathematics ; |v 17 | |
| 504 | |a Incluye referencias bibliográficas (p. [465]-492) e índice. | ||
| 510 | 4 | |a MR, |c 95i:58073 | |
| 020 | |a 0387972757 (New York : hardcover ed.) | ||
| 020 | |a 3540972757 (Berlin : hardcover ed.) | ||
| 020 | |a 0387943471 (New York : softcover ed.) | ||
| 020 | |a 3540943471 (Berlin : softcover ed.) | ||
| 100 | 1 | |a Marsden, Jerrold E. | |
| 700 | 1 | |a Ratiu, Tudor S. | |
| 650 | 0 | |a Mechanics, Analytic. | |
| 650 | 0 | |a Symmetry (Physics) | |
| 084 | |a 58F05 (58-01 70-01 70Hxx) |2 MR | ||
| 084 | |a 70-02 (37Jxx 53Dxx 70Gxx 70Hxx) |2 MR | ||
| 010 | |a 94010793 | ||
| 040 | |a DLC |c DLC |d DLC | ||
| 859 | |h 70 |i M364i |p A-7142 |b BIB. MATEMATICA | ||
